DRON SAVAŞÇILARI MAĞARADAKİ SIR (Record no. 997272)
[ view plain ]
| 000 -LEADER | |
|---|---|
| sabit uzunluktaki kontrol alanı | 00264nam a2200097Ia 4500 |
| 001 - KONTROL NUMARASI | |
| kontrol alanı | 997272 |
| 005 - EN SON İŞLEMİN TARİH VE ZAMANI | |
| kontrol alanı | 20250826221521.0 |
| 008 - SABİT-UZUNLUKTA VERİ ÖĞELERİ--GENEL BİLGİ | |
| sabit uzunluktaki kontrol alanı | 250824s9999 xx 000 0 und d |
| 245 #0 - ESER / YAZAR | |
| ESER ADI | DRON SAVAŞÇILARI MAĞARADAKİ SIR |
| Yazar Adı | NECATİ AKBABA |
| 260 ## - YAYIN, DAĞITIM, VB. | |
| YAYIN EVİ | GENÇ DAMLA YAYINLARI |
| Düşüm durumu | Kayıp durumu | Hasar Durumu | Ödünç verilmez | Ana kütüphane | Geçerli Kütüphane | Edinilen tarih | Toplam ödünç verme sayısı | Barkod | Son görüntüleme tarihi | Fiyatın geçerli olmaya başladığı tarih | Koha materyal türü |
|---|---|---|---|---|---|---|---|---|---|---|---|
| ÖMER CEMİLE GÜLER İMAM HATİP ORTAOKULU | ÖMER CEMİLE GÜLER İMAM HATİP ORTAOKULU | 24.08.2025 | 10085596 | 26.08.2025 | 26.08.2025 | Books |